000 00824nam a2200253Ia 4500
003 OSt
005 20220928130014.0
006 a|||||r|||| 00| 0
007 ta
008 220927b |||||||| |||| 00| 0 eng d
020 _cINR 2099.00
024 _a139477
037 _b3900, 28/01/2019, Govinda Book House
_cTextual
040 _aSDCL
_cSDCL
_beng
041 _2eng
_aeng
082 _aX625.1'P, Q7
100 _aEgan Patrick J.W.
_9472490
245 0 _aGlobalizing innovation
_b State institutions and foreign direct investment in emerging economies
260 _aCambridge
_bMIT press
_c2017
300 _axx,291p.
_ccm.
650 _aBusiness Economics
_9391653
942 _hX625.1'P, Q7
_cTEXL
_2CC
999 _c785066
_d785066